| 000 | 00585nam a2200181Ia 4500 | ||
|---|---|---|---|
| 008 | 090122s9999 xx 000 0 und d | ||
| 082 | _b11836 | ||
| 100 |
_aमुटकुळे _bआर _cपी |
||
| 245 | _aसावित्रीबाई फुले | ||
| 260 |
_bमेहता _c1982 |
||
| 300 | _a76 | ||
| 501 | _a"भेट, आर. एस. सराफ" | ||
| 600 | _aमुटकुळे | ||
| 630 | _aसावित्रीबाई फुले | ||
| 700 | _aमुटकुळे | ||
| 730 | _aसावित्रीबाई फुले | ||
| 942 | _cBOOK | ||
| 999 |
_c35913 _d35913 |
||